[Event "IECC TH-M email"]
[Site "IECC email"]
[Date "2003.04.18"]
[Round "?"]
[White "Nagley, Tim"]
[Black "Trofimov, Vladimir Markovich"]
[Result "1/2-1/2"]
[WhiteElo "2114"]
[BlackElo "2300"]
[PlyCount "101"]
[EventDate "2003.??.??"]
[EventType "match (corr)"]
[EventRounds "2"]
[SourceTitle "Corr 2008"]
[Source "ChessBase"]
[SourceDate "2008.06.24"]
[SourceVersion "1"]
[SourceVersionDate "2008.06.24"]
[SourceQuality "1"]

1. e4 e5 2. Nf3 Nc6 3. Bc4 Bc5 4. b4 Bxb4 5. c3 Be7 6. d4 Na5 7. Be2 exd4 8. Qxd4 Nf6 9. e5 Nc6 10. Qh4 Nd5 11. Qg3 g6 12. 0-0 0-0 13. Rd1 Nb6 14. Bf4 Re8 15. Nbd2 d5 16. Bb5 Be6 17. a4 a6 18. Bxc6 bxc6 19. a5 Nc8 20. c4 Na7 21. Be3 c5 22. Ne4 d4 23. Bg5 Nc6 24. Qh4 h5 25. Nf6+ Bxf6 26. Bxf6 Qc8 27. Qf4 Kh7 28. Ng5+ Kg8 29. Ne4 Kh7 30. Qf3 Ne7 31. Bg5 Nf5 32. Nf6+ Kg7 33. Nxe8+ Qxe8 34. Rab1 Kh7 35. Qa3 Qc6 36. Qb3 Re8 37. h3 Bd7 38. Re1 Ng7 39. Rb2 Qa4 40. Qxa4 Bxa4 41. Bf6 d3 42. Bg5 Ne6 43. Bd2 Nd4 44. Re3 Rd8 45. Rxd3 Ne2+ 46. Kf1 Rxd3 47. Kxe2 Rd4 48. Bc3 Rxc4 49. Kd2 Bb5 50. f3 g5 51. Kc2 1/2-1/2

[Event "IECC M email"]
[Site "IECC email"]
[Date "2003.04.08"]
[Round "?"]
[White "Allen, Richard G"]
[Black "Nagley, Tim"]
[Result "1/2-1/2"]
[WhiteElo "2012"]
[BlackElo "2127"]
[PlyCount "101"]
[EventDate "2003.??.??"]
[EventType "tourn (corr)"]
[EventRounds "6"]
[SourceTitle "Corr 2008"]
[Source "ChessBase"]
[SourceDate "2008.06.24"]
[SourceVersion "1"]
[SourceVersionDate "2008.06.24"]
[SourceQuality "1"]

1. d4 d5 2. Nf3 Nf6 3. g3 e6 4. Bg2 Be7 5. 0-0 0-0 6. Nbd2 c5 7. c4 cxd4 8. Nxd4 e5 9. N4b3 Be6 10. cxd5 Bxd5 11. Nf3 Nc6 12. Bg5 Rc8 13. Bh3 Rc7 14. Rc1 h6 15. Be3 Qb8 16. Nbd2 Rd8 17. Qc2 Bd6 18. Qb1 b6 19. Rfd1 Ne7 20. b3 b5 21. b4 Rxc1 22. Rxc1 Nc6 23. a3 a5 24. Bc5 e4 25. Ne1 Bxc5 26. Rxc5 e3 27. fxe3 Qe5 28. Kf2 axb4 29. axb4 Qe8 30. Nd3 Bc4 31. Bf5 g6 32. Bh3 Bxd3 33. exd3 Ne5 34. Ke2 Nxd3 35. Rc3 Ne5 36. Qc2 Nd5 37. Rc8 Nxb4 38. Rxd8 Qxd8 39. Qc8 Qxc8 40. Bxc8 Kf8 41. Nb3 Nd5 42. Bb7 Nc3+ 43. Kd2 Na4 44. Bd5 b4 45. h3 Ke7 46. e4 Kd6 47. Ke3 Nc3 48. Bb7 f6 49. g4 Nd1+ 50. Ke2 Nb2 51. Ba6 1/2-1/2

[Event "IECC CL2-2003.13 email"]
[Site "IECC email"]
[Date "2003.04.01"]
[Round "?"]
[White "Nagley, Tim"]
[Black "Rossello Padron, Carlos Eduardo"]
[Result "1/2-1/2"]
[WhiteElo "2120"]
[BlackElo "2115"]
[PlyCount "79"]
[EventDate "2003.??.??"]
[EventType "tourn (corr)"]
[EventRounds "4"]
[SourceTitle "Corr 2008"]
[Source "ChessBase"]
[SourceDate "2008.06.24"]
[SourceVersion "1"]
[SourceVersionDate "2008.06.24"]
[SourceQuality "1"]

1. e4 c5 2. f4 d6 3. Nf3 Nc6 4. Nc3 g6 5. Bc4 Bg7 6. 0-0 Nf6 7. d3 Bg4 8. h3 Bxf3 9. Qxf3 Nd4 10. Qf2 0-0 11. e5 Ne8 12. Be3 dxe5 13. fxe5 Bxe5 14. Bxf7+ Kg7 15. Ne4 Nf6 16. c3 Nf5 17. Be6 Nxe4 18. dxe4 Nxe3 19. Qxe3 Qb6 20. Bd5 Rad8 21. Rad1 e6 22. Bc4 Bf4 23. Qe2 e5 24. Bd5 Rd6 25. Rf3 Rdf6 26. g3 Bg5 27. Rxf6 Rxf6 28. Kg2 Qc7 29. b3 b6 30. a3 Qe7 31. Bc4 Rd6 32. a4 Rxd1 33. Qxd1 Qd8 34. Bd5 Qf6 35. Qd3 Qd6 36. Qe2 Qe7 37. h4 Bh6 38. h5 Bg5 39. hxg6 hxg6 40. Qd1 1/2-1/2

[Event "IECC CL2-2003.11 email"]
[Site "IECC email"]
[Date "2003.03.12"]
[Round "?"]
[White "Nagley, Tim"]
[Black "Draba, Henryk"]
[Result "1-0"]
[WhiteElo "2063"]
[BlackElo "2019"]
[PlyCount "139"]
[EventDate "2003.??.??"]
[EventType "tourn (corr)"]
[EventRounds "4"]
[SourceTitle "Corr 2008"]
[Source "ChessBase"]
[SourceDate "2008.06.24"]
[SourceVersion "1"]
[SourceVersionDate "2008.06.24"]
[SourceQuality "1"]

1. e4 e5 2. f4 exf4 3. Bc4 Nf6 4. Nc3 c6 5. Bb3 d5 6. exd5 cxd5 7. d4 Bd6 8. Nge2 0-0 9. Bxf4 Bxf4 10. Nxf4 Re8+ 11. Nfe2 Bg4 12. 0-0 a5 13. a4 Nc6 14. Qd2 Bxe2 15. Nxe2 Qb6 16. Rad1 Re7 17. Rxf6 gxf6 18. Bxd5 Qxb2 19. Ng3 Rd8 20. Nh5 Qxd4+ 21. Qxd4 Nxd4 22. Rxd4 Re5 23. Nf4 Kf8 24. Kf2 b6 25. Rd3 h6 26. c4 Rd6 27. Ne2 Rf5+ 28. Rf3 Rxf3+ 29. Kxf3 Rd8 30. Nd4 Re8 31. g4 Re5 32. h4 h5 33. gxh5 Rxh5 34. Kg4 Re5 35. Nf5 Re1 36. h5 Rg1+ 37. Kf4 Rf1+ 38. Ke4 Re1+ 39. Kd3 Kg8 40. Bc6 Rg1 41. Kd4 Rg5 42. Ne7+ Kf8 43. Nd5 Rxh5 44. Nxb6 Ke7 45. c5 Kd8 46. Nc4 Kc7 47. Nxa5 f5 48. Bb5 f4 49. c6 f5 50. Nc4 Rh1 51. Ke5 f3 52. Ne3 Re1 53. Kf4 f2 54. Kf3 Rc1 55. Kxf2 Rxc6 56. Bxc6 Kxc6 57. Kf3 Kb6 58. Nd5+ Ka5 59. Nc3 Kb4 60. Kf4 Kc5 61. Kxf5 Kd6 62. Ke4 Kc5 63. a5 Kc6 64. Kd4 Kb7 65. Kc5 Ka6 66. Kb4 Kb7 67. Kb5 Ka7 68. a6 Ka8 69. Kb6 Kb8 70. Nd5 1-0

[Event "IECC CL2-2003.10 email"]
[Site "IECC email"]
[Date "2003.03.06"]
[Round "?"]
[White "Cehajic, Mustafa"]
[Black "Nagley, Tim"]
[Result "1-0"]
[WhiteElo "2048"]
[BlackElo "2153"]
[PlyCount "155"]
[EventDate "2003.??.??"]
[EventType "tourn (corr)"]
[EventRounds "4"]
[SourceTitle "Corr 2008"]
[Source "ChessBase"]
[SourceDate "2008.06.24"]
[SourceVersion "1"]
[SourceVersionDate "2008.06.24"]
[SourceQuality "1"]

1. e4 d6 2. Nf3 c5 3. Nc3 Nc6 4. d4 cxd4 5. Nxd4 Nf6 6. Bb5 Bd7 7. 0-0 e6 8. Nf3 a6 9. Be2 Be7 10. Bg5 Qc7 11. Qd2 0-0 12. Rad1 Rfd8 13. a3 Rac8 14. Rfe1 Ne5 15. Nd4 Qb6 16. Rb1 Qc7 17. Bf4 Nc4 18. Bxc4 Qxc4 19. Nb3 Bc6 20. Na5 Qc5 21. Nb3 Qh5 22. Nd4 d5 23. e5 Ne4 24. Nxe4 dxe4 25. c3 Bc5 26. Rbd1 Bxd4 27. cxd4 Rd7 28. Rc1 Rcd8 29. Be3 Rd5 30. Qb4 Qh4 31. Rc2 Rb5 32. Qc4 Qh5 33. h3 h6 34. Rec1 Rbd5 35. Qb4 a5 36. Qc3 Qg6 37. b3 a4 38. b4 f5 39. exf6 gxf6 40. Qe1 Kh7 41. Kh1 Rg8 42. Qf1 Rd7 43. Rc5 Rdg7 44. g3 h5 45. b5 Bd5 46. b6 h4 47. Qe2 Kh8 48. Rc7 Rh7 49. g4 Rhg7 50. Bf4 Bb3 51. Kh2 Bd5 52. Qd1 Bc6 53. Rc5 Rxc7 54. bxc7 Rc8 55. Rh5+ Kg8 56. Rxh4 e3 57. fxe3 Qe4 58. Qf1 e5 59. dxe5 Rxc7 60. Rh5 Rf7 61. exf6 Rxf6 62. Qf2 Re6 63. Rg5+ Kf7 64. Rf5+ Rf6 65. Qa2+ Qe6 66. Qxe6+ Kxe6 67. Rxf6+ Kxf6 68. h4 Ke6 69. Bc7 b5 70. Ba5 Kf6 71. Kg3 Ke5 72. h5 Kf6 73. Kf4 b4 74. g5+ Kg7 75. Bxb4 Bb5 76. g6 Kh6 77. Kf5 Kxh5 78. e4 1-0

[Event "IECC CL2-2003.10 email"]
[Site "IECC email"]
[Date "2003.03.06"]
[Round "?"]
[White "Femmel, Don"]
[Black "Nagley, Tim"]
[Result "1-0"]
[WhiteElo "2168"]
[BlackElo "2124"]
[PlyCount "87"]
[EventDate "2003.??.??"]
[EventType "tourn (corr)"]
[EventRounds "4"]
[SourceTitle "Corr 2008"]
[Source "ChessBase"]
[SourceDate "2008.06.24"]
[SourceVersion "1"]
[SourceVersionDate "2008.06.24"]
[SourceQuality "1"]

1. e4 e5 2. Nf3 Nc6 3. Bb5 f5 4. Nc3 fxe4 5. Nxe4 d5 6. Nxe5 dxe4 7. Nxc6 Qg5 8. Qe2 Nf6 9. f4 Qxf4 10. Ne5+ c6 11. d4 Qh4+ 12. g3 Qh3 13. Bc4 Be6 14. Bg5 0-0-0 15. 0-0-0 Bd6 16. Rhf1 Rhf8 17. g4 Rde8 18. Bxe6+ Rxe6 19. Rf5 h6 20. Bxf6 Rexf6 21. Rh5 Qf1 22. Qxe4 Qa6 23. a3 Bxa3 24. Rf5 Bd6 25. Kb1 Kc7 26. h4 Qb5 27. c4 Qb3 28. Rd3 Qa4 29. Ng6 Rxf5 30. gxf5 Rf7 31. c5 Bxc5 32. Nf4 Re7 33. Ne6+ Rxe6 34. fxe6 Be7 35. Qe5+ Kb6 36. d5 Qc4 37. Qe3+ Bc5 38. Rb3+ Ka6 39. Rc3 Qf1+ 40. Qc1 Qxc1+ 41. Rxc1 Be7 42. Rf1 cxd5 43. h5 Bd6 44. Rf7 1-0

[Event "IECC CL2-2003.09 email"]
[Site "IECC email"]
[Date "2003.03.03"]
[Round "?"]
[White "Milde, Lars"]
[Black "Nagley, Tim"]
[Result "1-0"]
[WhiteElo "1930"]
[BlackElo "2120"]
[PlyCount "113"]
[EventDate "2003.??.??"]
[EventType "tourn (corr)"]
[EventRounds "4"]
[SourceTitle "Corr 2008"]
[Source "ChessBase"]
[SourceDate "2008.06.24"]
[SourceVersion "1"]
[SourceVersionDate "2008.06.24"]
[SourceQuality "1"]

1. e4 e5 2. Nf3 Nc6 3. Bb5 f5 4. Nc3 fxe4 5. Nxe4 d5 6. Ng3 Bg4 7. h3 Bxf3 8. Qxf3 Nf6 9. 0-0 Bd6 10. Nh5 e4 11. Nxf6+ Qxf6 12. Qxf6 gxf6 13. d3 0-0-0 14. dxe4 dxe4 15. Re1 Nd4 16. Ba4 f5 17. Be3 c5 18. Rad1 Kc7 19. c3 Nc6 20. Kf1 a6 21. g4 Ne5 22. Bg5 Rdf8 23. Bh6 Nd3 24. Bxf8 Rxf8 25. Re2 fxg4 26. hxg4 Rf4 27. Bc2 c4 28. b3 b5 29. g5 Rh4 30. bxc4 bxc4 31. Kg2 Kc6 32. Re3 Kd5 33. Rh3 Rg4+ 34. Kf1 Rxg5 35. f3 Rf5 36. Re1 Rxf3+ 37. Rxf3 exf3 38. Re3 Ne5 39. Be4+ Ke6 40. Bxf3 h6 41. Bb7 a5 42. Rh3 Bf8 43. a4 Bg7 44. Rh4 Kf5 45. Ke2 Kg5 46. Rd4 h5 47. Rd5 Kg4 48. Rxa5 Nd3 49. Bc8+ Kh4 50. Rf5 Bxc3 51. Be6 Nc1+ 52. Ke3 Nb3 53. Bxc4 Na5 54. Be6 Nb7 55. Kf3 Nd6 56. Rc5 Bd2 57. Rd5 1-0

[Event "IECC CL2-2003.09 email"]
[Site "IECC email"]
[Date "2003.03.03"]
[Round "?"]
[White "Nagley, Tim"]
[Black "Ralls, Richard Nelson"]
[Result "1/2-1/2"]
[WhiteElo "2105"]
[BlackElo "2067"]
[PlyCount "99"]
[EventDate "2003.??.??"]
[EventType "tourn (corr)"]
[EventRounds "4"]
[SourceTitle "Corr 2008"]
[Source "ChessBase"]
[SourceDate "2008.06.24"]
[SourceVersion "1"]
[SourceVersionDate "2008.06.24"]
[SourceQuality "1"]

1. e4 c5 2. f4 d5 3. exd5 Nf6 4. Bb5+ Bd7 5. Bxd7+ Qxd7 6. c4 e6 7. Qe2 Bd6 8. d3 0-0 9. dxe6 fxe6 10. Nf3 Nc6 11. 0-0 Rae8 12. Nc3 e5 13. f5 Nd4 14. Qd1 e4 15. dxe4 Nxe4 16. Nxd4 cxd4 17. Nxe4 Rxe4 18. Qd3 Qe8 19. c5 Bc7 20. Bd2 Qe5 21. g3 Qd5 22. Rac1 h5 23. Qc4 Qxc4 24. Rxc4 Be5 25. Rf2 Bf6 26. b4 Re5 27. a4 d3 28. a5 a6 29. Kg2 Re7 30. Bf4 Rfe8 31. c6 bxc6 32. Rxc6 Bd4 33. Rf1 Re2+ 34. Kh3 Rf8 35. Rd1 Rxf5 36. Rxa6 Bf6 37. Rxf6 Rxf6 38. Rxd3 Ra2 39. Rd5 g6 40. Kh4 Rxh2+ 41. Kg5 Ra6 42. b5 Rxa5 43. Kxg6 Ra8 44. b6 Rb2 45. Bc7 Re8 46. Kxh5 Re6 47. g4 Rexb6 48. Bxb6 Rxb6 49. Rd7 Rf6 50. g5 1/2-1/2

[Event "IECC TH-M email"]
[Site "IECC email"]
[Date "2003.02.21"]
[Round "?"]
[White "Nagley, Tim"]
[Black "Bilsel, Sabahaddin"]
[Result "1/2-1/2"]
[WhiteElo "2108"]
[BlackElo "2112"]
[PlyCount "126"]
[EventDate "2003.??.??"]
[EventType "match (corr)"]
[EventRounds "2"]
[SourceTitle "Corr 2008"]
[Source "ChessBase"]
[SourceDate "2008.06.24"]
[SourceVersion "1"]
[SourceVersionDate "2008.06.24"]
[SourceQuality "1"]

1. d4 d5 2. c4 e5 3. dxe5 d4 4. Nf3 Nc6 5. g3 Bg4 6. Bg2 Qd7 7. 0-0 0-0-0 8. Nbd2 h5 9. b4 Bxb4 10. Qa4 h4 11. Rb1 hxg3 12. Rxb4 Nxb4 13. Qxb4 Bh3 14. fxg3 Bxg2 15. Kxg2 Ne7 16. Ng5 Nc6 17. Qc5 Nxe5 18. Qxa7 Qc6+ 19. Ndf3 Nxf3 20. Nxf3 Rhe8 21. e3 b6 22. Qa3 Kb7 23. Qb3 g5 24. Kg1 dxe3 25. Bxe3 g4 26. Ne1 Qe4 27. Bf2 Rd2 28. Qc3 Rxa2 29. c5 b5 30. Ng2 Rea8 31. Qg7 f5 32. c6+ Qxc6 33. Qe5 b4 34. Rb1 R2a4 35. Qxf5 Ra1 36. Bd4 Rxb1+ 37. Qxb1 Qc4 38. Qe4+ c6 39. Qe7+ Ka6 40. Bf2 b3 41. Ne1 Qb5 42. Bd4 Ka5 43. Qa3+ Qa4 44. Qd6 Qc4 45. Nd3 Kb5 46. Be5 Ra6 47. Kf2 c5 48. Qd7+ Rc6 49. Nb2 Qc2+ 50. Kf1 Qc1+ 51. Nd1 Qb1 52. Kg1 c4 53. Bb2 c3 54. Bxc3 Qc2 55. Bb2 Qc5+ 56. Nf2 Qc2 57. Qb7+ Ka5 58. Qa7+ Kb5 59. Qd4 Rc4 60. Qe5+ Rc5 61. Qe8+ Ka6 62. Qa8+ Kb5 63. Qb7+ Ka5 1/2-1/2

[Event "IECC TH-M email"]
[Site "IECC email"]
[Date "2003.02.13"]
[Round "?"]
[White "Morin, Stephane"]
[Black "Nagley, Tim"]
[Result "1/2-1/2"]
[WhiteElo "2276"]
[BlackElo "2089"]
[PlyCount "89"]
[EventDate "2003.??.??"]
[EventType "match (corr)"]
[EventRounds "2"]
[SourceTitle "Corr 2008"]
[Source "ChessBase"]
[SourceDate "2008.06.24"]
[SourceVersion "1"]
[SourceVersionDate "2008.06.24"]
[SourceQuality "1"]

1. e4 e5 2. Nf3 Nc6 3. Bc4 Bc5 4. b4 Bxb4 5. c3 Ba5 6. d4 exd4 7. 0-0 Nge7 8. Ng5 d5 9. exd5 Ne5 10. Qxd4 f6 11. Re1 Bb6 12. Qh4 fxg5 13. Bxg5 N5g6 14. Qh5 Bc5 15. d6 Bxd6 16. Nd2 Qd7 17. Ne4 Ba3 18. h3 a6 19. Rad1 Qc6 20. Bxe7 Bxe7 21. Bd5 Qb6 22. Ng5 Bf5 23. Nf7 Qf6 24. Nxh8 0-0-0 25. Rxe7 Nxe7 26. Bxb7+ Kxb7 27. Rxd8 Qxc3 28. Qd1 Nc6 29. Rd2 Qc4 30. Qf3 Be6 31. Rb2+ Ka7 32. Rb1 Bd5 33. Qg3 Nd4 34. Qe3 Qc3 35. Qxc3 Ne2+ 36. Kf1 Nxc3 37. Rc1 Nxa2 38. Rxc7+ Kb6 39. Rxg7 a5 40. Rxh7 Nb4 41. Nf7 a4 42. Rh4 Kc5 43. Nd6 a3 44. Ne4+ Kc4 45. Nf6+ 1/2-1/2

[Event "IECC M email"]
[Site "IECC email"]
[Date "2003.01.14"]
[Round "?"]
[White "Nagley, Tim"]
[Black "Brousek, Jiri"]
[Result "1/2-1/2"]
[WhiteElo "2146"]
[BlackElo "2298"]
[PlyCount "60"]
[EventDate "2003.??.??"]
[EventType "tourn (corr)"]
[EventRounds "6"]
[SourceTitle "Corr 2008"]
[Source "ChessBase"]
[SourceDate "2008.06.24"]
[SourceVersion "1"]
[SourceVersionDate "2008.06.24"]
[SourceQuality "1"]

1. e4 e6 2. d4 d5 3. Nd2 dxe4 4. Nxe4 Bd7 5. Nf3 Bc6 6. Bd3 Nd7 7. 0-0 Ngf6 8. Ng3 Be7 9. Qe2 0-0 10. Rd1 Bxf3 11. Qxf3 c6 12. c3 Bd6 13. Ne4 Nxe4 14. Qxe4 Nf6 15. Qf3 Qa5 16. Be3 Rfe8 17. Rd2 Qc7 18. g3 Rad8 19. Rad1 Qa5 20. a3 Qd5 21. Qxd5 Nxd5 22. c4 Nxe3 23. fxe3 e5 24. dxe5 Bc7 25. b4 g6 26. Be2 Rxd2 27. Rxd2 Kf8 28. Kf2 Bxe5 29. Bf3 f5 30. b5 cxb5 1/2-1/2

[Event "IECC CL2-2003.03 email"]
[Site "IECC email"]
[Date "2003.01.08"]
[Round "?"]
[White "Bourgoin, Claude"]
[Black "Nagley, Tim"]
[Result "1/2-1/2"]
[WhiteElo "1967"]
[BlackElo "2105"]
[PlyCount "96"]
[EventDate "2003.??.??"]
[EventType "tourn (corr)"]
[EventRounds "4"]
[SourceTitle "Corr 2008"]
[Source "ChessBase"]
[SourceDate "2008.06.24"]
[SourceVersion "1"]
[SourceVersionDate "2008.06.24"]
[SourceQuality "1"]

1. Nf3 d5 2. e3 Nf6 3. c4 c6 4. Nc3 e6 5. b3 Nbd7 6. Bb2 Bd6 7. Qc2 0-0 8. cxd5 exd5 9. Be2 Re8 10. Nd4 Nc5 11. h3 a5 12. a3 Nfe4 13. Nf3 Ng5 14. Na4 Nxa4 15. bxa4 Nxf3+ 16. Bxf3 Qg5 17. h4 Qf4 18. Be2 Qh6 19. g3 Qe6 20. Bd3 h6 21. Qc3 f6 22. Qc2 Qe7 23. Bh7+ Kh8 24. Bg6 Rd8 25. 0-0 Bg4 26. Rfe1 Bf3 27. e4 dxe4 28. Bxe4 Bxe4 29. Rxe4 Qf7 30. Rae1 Kg8 31. R4e3 Bf8 32. R1e2 Rd5 33. Qb3 Bd6 34. Bc3 Bc5 35. Re6 Rf8 36. d4 Bd6 37. R6e3 Rb8 38. Bxa5 Rxd4 39. Qxf7+ Kxf7 40. Bc7 Bxc7 41. Re7+ Kg6 42. Rxc7 Rxa4 43. Ree7 Rxa3 44. Rxg7+ Kf5 45. Rxb7 Rxb7 46. Rxb7 c5 47. Rc7 Ra5 48. Kg2 Ke4 1/2-1/2

[Event "IECC TH-M email"]
[Site "IECC email"]
[Date "2003.01.08"]
[Round "?"]
[White "Chadwick, Charles"]
[Black "Nagley, Tim"]
[Result "1/2-1/2"]
[WhiteElo "1868"]
[BlackElo "2145"]
[PlyCount "75"]
[EventDate "2003.??.??"]
[EventType "match (corr)"]
[EventRounds "2"]
[SourceTitle "Corr 2008"]
[Source "ChessBase"]
[SourceDate "2008.06.24"]
[SourceVersion "1"]
[SourceVersionDate "2008.06.24"]
[SourceQuality "1"]

1. e4 e5 2. Nc3 Nc6 3. Nf3 Nf6 4. Bb5 Bb4 5. 0-0 0-0 6. d3 d6 7. Bg5 Bxc3 8. bxc3 Qe7 9. Re1 Nd8 10. d4 Ne6 11. Bc1 c5 12. Bc4 Nc7 13. Bg5 b5 14. Bxf6 Qxf6 15. Be2 Bg4 16. a4 a6 17. axb5 Bxf3 18. Bxf3 Nxb5 19. dxc5 dxc5 20. Qd3 Rfd8 21. Qc4 Qc6 22. Red1 Rxd1+ 23. Rxd1 Rb8 24. h3 Nc7 25. Be2 g6 26. Bd3 Rb2 27. Ra1 Qb5 28. Qa4 Rb1+ 29. Kh2 Rxa1 30. Qxa1 c4 31. Bf1 Na8 32. Qa3 a5 33. Qd6 Nb6 34. Qb8+ Kg7 35. Bxc4 Qxc4 36. Qxe5+ f6 37. Qxa5 Qe6 38. Qa6 1/2-1/2

[Event "IECC TH-M email"]
[Site "IECC email"]
[Date "2003.01.06"]
[Round "?"]
[White "Nagley, Tim"]
[Black "Corbat, Philippe"]
[Result "1/2-1/2"]
[WhiteElo "2100"]
[BlackElo "2068"]
[PlyCount "105"]
[EventDate "2003.??.??"]
[EventType "match (corr)"]
[EventRounds "2"]
[SourceTitle "Corr 2008"]
[Source "ChessBase"]
[SourceDate "2008.06.24"]
[SourceVersion "1"]
[SourceVersionDate "2008.06.24"]
[SourceQuality "1"]

1. e4 d5 2. exd5 Nf6 3. d4 Bg4 4. f3 Bf5 5. Bb5+ Nbd7 6. c4 a6 7. Ba4 b5 8. cxb5 Nxd5 9. Ne2 e6 10. 0-0 axb5 11. Bxb5 Nb4 12. Nbc3 c6 13. Ba4 Nb6 14. Bb3 c5 15. Na4 cxd4 16. Nxb6 Qxb6 17. Ba4+ Nc6 18. Bxc6+ Qxc6 19. Nxd4 Bc5 20. Be3 Qb6 21. b4 Qxb4 22. Nxf5 exf5 23. Qc1 Bxe3+ 24. Qxe3+ Qe7 25. Rfe1 Qxe3+ 26. Rxe3+ Kd7 27. Rd1+ Kc6 28. Rc3+ Kb5 29. Rb1+ Ka4 30. Rb7 Rhf8 31. Rcb3 g6 32. Kf2 h6 33. Kg3 Ra6 34. Rd3 g5 35. f4 Rc8 36. fxg5 hxg5 37. Rxf7 f4+ 38. Kf3 Rc2 39. Rg7 Ra5 40. a3 Re5 41. h3 Ra2 42. g3 fxg3 43. Kxg3 Kb5 44. Kg4 Rae2 45. Kh5 Rg2 46. Kh6 Re6+ 47. Rg6 Rxg6+ 48. Kxg6 Kb6 49. a4 Rg1 50. a5+ Ka6 51. Kh5 Rg2 52. Rf3 Rg1 53. Re3 1/2-1/2

[Event "IECC M email"]
[Site "IECC email"]
[Date "2003.01.04"]
[Round "?"]
[White "Acedanski, Jan"]
[Black "Nagley, Tim"]
[Result "1-0"]
[WhiteElo "2153"]
[BlackElo "2119"]
[PlyCount "97"]
[EventDate "2003.??.??"]
[EventType "tourn (corr)"]
[EventRounds "6"]
[SourceTitle "Corr 2008"]
[Source "ChessBase"]
[SourceDate "2008.06.24"]
[SourceVersion "1"]
[SourceVersionDate "2008.06.24"]
[SourceQuality "1"]

1. e4 e5 2. Nf3 d6 3. d4 exd4 4. Nxd4 g6 5. Nc3 Bg7 6. Be3 Nf6 7. Qd2 Nc6 8. f3 0-0 9. 0-0-0 Re8 10. g4 a6 11. h4 Ne5 12. Be2 b5 13. Bh6 Bxh6 14. Qxh6 c5 15. Nf5 gxf5 16. g5 Nfd7 17. Rxd6 Qe7 18. Nd5 Qf8 19. Nc7 Bb7 20. Nxa8 Rxa8 21. f4 Qxh6 22. gxh6 Kf8 23. fxe5 Nxe5 24. Rhd1 fxe4 25. Rd8+ Ke7 26. Rxa8 Bxa8 27. Rg1 e3 28. Rg3 Kd6 29. Rxe3 f5 30. Rg3 Be4 31. Rg7 f4 32. Ra7 c4 33. Rxa6+ Kc5 34. Rf6 f3 35. Bf1 Kd5 36. Bh3 b4 37. a4 bxa3 38. bxa3 Kd4 39. Bf5 Bd5 40. Bxh7 Ng4 41. Rf5 Nxh6 42. c3+ Kc5 43. Rf8 Kd6 44. Kd2 Ke5 45. a4 Ng4 46. a5 f2 47. Ke2 Bg2 48. a6 Kd6 49. a7 1-0

[Event "IECC CL2-2003.01 email"]
[Site "IECC email"]
[Date "2003.01.02"]
[Round "?"]
[White "Le Duigou, Jean Guy"]
[Black "Nagley, Tim"]
[Result "1-0"]
[WhiteElo "2087"]
[BlackElo "2133"]
[PlyCount "39"]
[EventDate "2003.??.??"]
[EventType "tourn (corr)"]
[EventRounds "4"]
[SourceTitle "Corr 2008"]
[Source "ChessBase"]
[SourceDate "2008.06.24"]
[SourceVersion "1"]
[SourceVersionDate "2008.06.24"]
[SourceQuality "1"]

1. Nf3 d5 2. g3 c5 3. Bg2 Nc6 4. d4 e6 5. 0-0 Nf6 6. c4 dxc4 7. Ne5 Nxe5 8. dxe5 Nd5 9. Qa4+ Bd7 10. Qxc4 Qc7 11. Nc3 Nxc3 12. bxc3 b5 13. Qe4 Rc8 14. a4 b4 15. cxb4 cxb4 16. Be3 a5 17. Rfc1 Qb8 18. Rxc8+ Qxc8 19. Rc1 Qb8 20. Rd1 1-0

[Event "IECC CL2-2003.01 email"]
[Site "IECC email"]
[Date "2003.01.02"]
[Round "?"]
[White "Nagley, Tim"]
[Black "Lokshin, Dmitriy"]
[Result "0-1"]
[WhiteElo "2130"]
[BlackElo "1950"]
[PlyCount "110"]
[EventDate "2003.??.??"]
[EventType "tourn (corr)"]
[EventRounds "4"]
[SourceTitle "Corr 2008"]
[Source "ChessBase"]
[SourceDate "2008.06.24"]
[SourceVersion "1"]
[SourceVersionDate "2008.06.24"]
[SourceQuality "1"]

1. e4 e6 2. d4 d5 3. Nc3 Bb4 4. e5 c5 5. a3 Bxc3+ 6. bxc3 Ne7 7. Nf3 Qa5 8. Bd2 c4 9. a4 Nd7 10. Ng5 h6 11. Nh3 Nb6 12. Qg4 Nf5 13. Nf4 Bd7 14. Be2 g6 15. Qf3 0-0-0 16. g4 Ne7 17. 0-0 Bxa4 18. Rfb1 Nc6 19. Bc1 Rh7 20. Bf1 h5 21. g5 Nd7 22. Rb2 b5 23. Rba2 Qc7 24. Bh3 a5 25. Rb1 Nb6 26. Ba3 b4 27. Bc1 b3 28. Raa1 Kb7 29. cxb3 Bxb3 30. Ba3 Ra8 31. Nd3 Nd7 32. Bd6 Qd8 33. Qf4 a4 34. Nc1 Nb6 35. Bc5 Kc8 36. Ra3 Ra5 37. Bf1 Qc7 38. Nxb3 axb3 39. Rxa5 Nxa5 40. Qd2 Kb7 41. Ra1 Nc6 42. Bd6 Qd7 43. Qb2 Rh8 44. Qc1 Ra8 45. Ba3 Na7 46. Bb4 Nb5 47. Rb1 Ra2 48. Qe1 Na3 49. Bxa3 Rxa3 50. Qc1 Ra2 51. Bg2 Qe7 52. Bf3 Qa3 53. Qe1 Rc2 54. Kg2 b2 55. Be4 Rc1 0-1

[Event "IECC CL2-2002.33"]
[Site "IECC email"]
[Date "2002.12.22"]
[Round "?"]
[White "Graff, John V"]
[Black "Nagley, Tim"]
[Result "1/2-1/2"]
[WhiteElo "2099"]
[BlackElo "2130"]
[PlyCount "69"]
[EventDate "2002.??.??"]
[EventType "tourn (corr)"]
[EventRounds "4"]
[SourceTitle "Corr 2008"]
[Source "ChessBase"]
[SourceDate "2008.06.24"]
[SourceVersion "1"]
[SourceVersionDate "2008.06.24"]
[SourceQuality "1"]

1. e4 e5 2. Nf3 Nc6 3. Bb5 a6 4. Ba4 Bc5 5. c3 Nf6 6. d4 exd4 7. e5 Ne4 8. cxd4 Bb4+ 9. Nbd2 b5 10. Bc2 d5 11. exd6 Nxd2 12. Bxd2 Qxd6 13. 0-0 Be6 14. Be4 Bxd2 15. Qxd2 Rd8 16. Bxc6+ Qxc6 17. Rfc1 Qd6 18. Qa5 0-0 19. Qxc7 Bd5 20. Qxd6 Rxd6 21. Ne1 Be6 22. Nf3 Bd5 23. Ne5 Ba8 24. Rd1 Rfd8 25. Rac1 f6 26. Ng4 Rxd4 27. Rxd4 Rxd4 28. Ne3 Be4 29. f3 Bg6 30. Rd1 Rxd1+ 31. Nxd1 Kf7 32. Kf2 Ke6 33. Ke3 Kf5 34. Kd4 Bf7 35. a3 1/2-1/2

[Event "IECC CL2-2002.33"]
[Site "IECC email"]
[Date "2002.12.22"]
[Round "?"]
[White "Nagley, Tim"]
[Black "Vaassen, Jack M"]
[Result "1/2-1/2"]
[WhiteElo "2135"]
[BlackElo "2120"]
[PlyCount "92"]
[EventDate "2002.??.??"]
[EventType "tourn (corr)"]
[EventRounds "4"]
[SourceTitle "Corr 2008"]
[Source "ChessBase"]
[SourceDate "2008.06.24"]
[SourceVersion "1"]
[SourceVersionDate "2008.06.24"]
[SourceQuality "1"]

1. e4 c5 2. f4 d5 3. exd5 Nf6 4. Bb5+ Nbd7 5. c4 a6 6. Bxd7+ Bxd7 7. Nf3 e6 8. Qe2 Be7 9. dxe6 Bxe6 10. 0-0 0-0 11. d3 Bf5 12. Ne5 Bd6 13. Qf3 Re8 14. Bd2 b5 15. h3 bxc4 16. dxc4 Be4 17. Qe3 Bb7 18. Nc3 Nd7 19. Qf2 Bxe5 20. fxe5 Nxe5 21. Na4 Rc8 22. Be3 Qd6 23. Nxc5 Ba8 24. Rfc1 Qg6 25. Rc3 Rc6 26. Bd4 Rf6 27. Rg3 Rxf2 28. Rxg6 Rd2 29. Bc3 hxg6 30. Bxd2 Nxc4 31. Re1 Rc8 32. Bc3 Bxg2 33. Nxa6 Bxh3 34. b4 Nb6 35. Bd4 Na4 36. a3 Rc2 37. Re8+ Kh7 38. Re7 Rg2+ 39. Kh1 Rd2 40. Be3 Re2 41. Nc5 Nxc5 42. Bxc5 Rxe7 43. Bxe7 Bd7 44. Kg2 Kh6 45. Kf3 g5 46. Ke4 f5+ 1/2-1/2